Hokejky v permanencii (zasadalo predsedníctvo VZĽH ČSZTV)

Bibliographic Details
Format: Article
Language:Slovak
Subjects:

MARC

LEADER 00000nab a2200000 ar4500
001 vtls009277264
003 SK-MaSNL
005 20260303052435.0
008 080318c19741216xo wr|||||||||000 b|slo
015 |a SNBRB1974  |2 snkbucl 
038 |a SNKBUCL 
040 |a SNKBUCL  |b slo  |c SNKBUCL  |e AACR2 
041 0 |a slo 
044 |a xo  |c SK 
080 |a 796.966  |2 2001 
080 |a 061.25  |2 2001 
245 0 0 |a Hokejky v permanencii  |b (zasadalo predsedníctvo VZĽH ČSZTV) 
650 0 7 |a ľadový hokej  |2 snkbucl  |9 3231 
773 0 |t Šport  |g 16.12.1974, s. 4 
852 |a SNK  |b KIS3GCP 
999 |c 1715327  |d 1717257